| Record ID | ia:onelasttimepsych0000edwa |
| Source | Internet Archive |
| Download MARC XML | https://archive.org/download/onelasttimepsych0000edwa/onelasttimepsych0000edwa_marc.xml |
| Download MARC binary | https://www.archive.org/download/onelasttimepsych0000edwa/onelasttimepsych0000edwa_meta.mrc |
LEADER: 01432cam 2200445 a 4500
001 ocm40926090
003 OCoLC
005 20201117225529.0
008 981130r19991998enk 000 0 eng
040 $aUKM$beng$cUKM$dOCLCG$dYDXCP$dOCLCQ$dOCLCF$dOCLCQ$dOCLCO$dMYPER
015 $aGB98V1451$2bnb
020 $a0749919795
020 $a9780749919795
035 $a(OCoLC)40926090
050 14 $aPZ7$bEDW 1998
082 04 $a133.91$221
100 1 $aEdward, John$q(John J.)
245 10 $aOne last time :$ba psychic medium speaks to those we have loved and lost /$cJohn Edward.
260 $aLondon :$bPiatkus,$c1999, ©1998.
300 $axvi, 220 pages ;$c22 cm
336 $atext$btxt$2rdacontent
337 $aunmediated$bn$2rdamedia
338 $avolume$bnc$2rdacarrier
500 $aOriginally published: New York : Berkley, 1998.
650 0 $aSpiritualism.
650 0 $aPsychic ability.
650 7 $aPsychic ability.$2fast$0(OCoLC)fst01081210
650 7 $aSpiritualism.$2fast$0(OCoLC)fst01130170
938 $aYBP Library Services$bYANK$n100147629
029 1 $aAU@$b000014612195
029 1 $aNZ1$b3881734
029 1 $aUKBOR$b084777923
029 1 $aUKDON$b0749919795
029 1 $aUKMDD$b0749919795
029 1 $aUKPMH$b0749919795
029 1 $aUKPTR$b0749919795
029 1 $aUKWLT$b0749919795
029 1 $aUNITY$b084777923
994 $aZ0$bP4A
948 $hNO HOLDINGS IN P4A - 55 OTHER HOLDINGS